Magic: The Gathering Colors - Statistics

General Stats
  • This quiz has been taken 4 times
  • The average score is 11 of 31
Answer Stats
Picture Answer % Correct
Mono Black
100%
Mono Blue
100%
Mono Green
100%
Mono Red
100%
Mono White
75%
Azorius
50%
Izzet
50%
Jeskai
50%
Rakdos
50%
Simic
50%
Abzan
25%
Bant
25%
Boros
25%
Dimir
25%
Dune Brood
25%
Golgari
25%
Grixis
25%
Gruul
25%
Jund
25%
Mardu
25%
Naya
25%
Orzhov
25%
Selesnya
25%
Sultai
25%
Temur
25%
Esper
0%
Glint Eye
0%
Ink Treader
0%
Witch Maw
0%
WUBRG
0%
Yore Tiller
0%
No matching quizzes found
Score Distribution
Percent of People with Each Score
Percentile by Number Answered
Your Score History
You have not taken this quiz